000 00622nam a22002297a 4500
003 UA-OsUOA
001 27355
007 ta
008 20040625b un ||||| |||| 00| 0 ukr d
090 _a316.6
_bП78
942 _cBK
040 _aUA-OsUOA
_bukr
_cUA-OsUOA
_dUA-OsUOA
245 _aПроблеми молоді сьогодні. За результатами соціологічних досліджень 2003 року
_cРед. А.О.Бучак
300 _a100 с.
955 _a0
041 _aukr
080 _a316.6
260 _aРівне
_c2003
044 _aUA
650 7 _2UDC
999 _c313699
_d313699